Confiabilidad de una red de energía eléctrica para un usuario industrial /
Guardado en:
| Autor principal: | |
|---|---|
| Formato: | Libro |
| Publicado: |
[San José, Costa Rica]
2009
|
| Materias: | |
| Etiquetas: |
Agregar Etiqueta
Sin Etiquetas, Sea el primero en etiquetar este registro!
|
MARC
| LEADER | 00000nam a2200000Ia 4500 | ||
|---|---|---|---|
| 003 | 010504 | ||
| 005 | 20221231144039.0 | ||
| 008 | 140114s2009 cr a 000 ||s d | ||
| 040 | |c cru CEDI | ||
| 090 | |a TFG 6099 | ||
| 100 | |a Méndez Rodríguez, Christian |9 450 | ||
| 245 | |a Confiabilidad de una red de energía eléctrica para un usuario industrial / | ||
| 260 | |c 2009 |b [San José, Costa Rica] | ||
| 500 | |a Proyecto de graduación (bachillerato en ingeniería eléctrica)--Universidad de Costa Rica. Facultad de Ingeniería. Escuela de Ingeniería Eléctrica, 2009 IE-0502 Proyecto Eléctrico | ||
| 650 | |x SISTEMAS DE ENERGIA ELECTRICA |x CONFIABILIDAD |x DISTRIBUCION DE ENERGIA ELECTRICA |x ENERGIA ELECTRICA |x REDES ELECTRICAS |9 3217 | ||
| 942 | |c TFG | ||
| 999 | |c 16116 |d 16116 | ||
